<?xml version="1.0" encoding="UTF-8"?>
<record
    xmlns:xsi="http://www.w3.org/2001/XMLSchema-instance"
    xsi:schemaLocation="http://www.loc.gov/MARC21/slim http://www.loc.gov/standards/marcxml/schema/MARC21slim.xsd"
    xmlns="http://www.loc.gov/MARC21/slim">

  <leader>00912nam a22001937a 4500</leader>
  <controlfield tag="005">20230911154911.0</controlfield>
  <datafield tag="010" ind1=" " ind2=" ">
    <subfield code="a">HIN-125884</subfield>
  </datafield>
  <datafield tag="020" ind1=" " ind2=" ">
    <subfield code="a">9788195123568</subfield>
    <subfield code="c">100.00</subfield>
  </datafield>
  <datafield tag="035" ind1=" " ind2=" ">
    <subfield code="a">HN-98230</subfield>
  </datafield>
  <datafield tag="082" ind1=" " ind2=" ">
    <subfield code="a">230.1 </subfield>
  </datafield>
  <datafield tag="100" ind1=" " ind2=" ">
    <subfield code="a">&#x926;&#x940;&#x915;&#x94D;&#x937;&#x93F;&#x924;, &#x91A;&#x928;&#x94D;&#x926;&#x94D;&#x930;&#x915;&#x93E;&#x928;&#x94D;&#x924; </subfield>
    <subfield code="9">56244</subfield>
  </datafield>
  <datafield tag="245" ind1=" " ind2=" ">
    <subfield code="a">&#x936;&#x94D;&#x930;&#x940;&#x930;&#x93E;&#x92E;&#x91A;&#x930;&#x93F;&#x924;&#x92E;&#x93E;&#x928;&#x938; &#x92E;&#x947;&#x902; &#x92A;&#x94D;&#x930;&#x92D;&#x941; &#x936;&#x94D;&#x930;&#x940;&#x930;&#x93E;&#x92E; &#x915;&#x947; &#x938;&#x928;&#x94D;&#x926;&#x947;&#x936; </subfield>
    <subfield code="c"> &#x91A;&#x928;&#x94D;&#x926;&#x94D;&#x930;&#x915;&#x93E;&#x928;&#x94D;&#x924; &#x926;&#x940;&#x915;&#x94D;&#x937;&#x93F;&#x924;</subfield>
  </datafield>
  <datafield tag="260" ind1=" " ind2=" ">
    <subfield code="a">&#x935;&#x93E;&#x930;&#x93E;&#x923;&#x938;&#x940; </subfield>
    <subfield code="b">&#x915;&#x93F;&#x936;&#x94B;&#x930; &#x935;&#x93F;&#x926;&#x94D;&#x92F;&#x93E; &#x928;&#x93F;&#x915;&#x947;&#x924;&#x928; </subfield>
    <subfield code="c">2022 </subfield>
  </datafield>
  <datafield tag="270" ind1=" " ind2=" ">
    <subfield code="a">&#x92C;&#x940; -2/236 -&#x90F; &#x92D;&#x926;&#x948;&#x928;&#x940; </subfield>
    <subfield code="b">&#x935;&#x93E;&#x930;&#x93E;&#x923;&#x938;&#x940; </subfield>
    <subfield code="e">221001 </subfield>
    <subfield code="m">wwwshandpublishing.com</subfield>
  </datafield>
  <datafield tag="300" ind1=" " ind2=" ">
    <subfield code="a">71  &#x92A;&#x943;.</subfield>
    <subfield code="c">21  &#x938;&#x947;&#x92E;&#x940;.(&#x905;&#x91C;&#x93F;&#x932;&#x94D;&#x926;)</subfield>
  </datafield>
  <datafield tag="700" ind1=" " ind2=" ">
    <subfield code="a">&#x906;&#x917;&#x94D;&#x930;&#x935;&#x93E;&#x932;,&#x926;&#x940;&#x92A;&#x915;</subfield>
    <subfield code="9">55805</subfield>
  </datafield>
  <datafield tag="942" ind1=" " ind2=" ">
    <subfield code="2">ddc</subfield>
    <subfield code="c">HN</subfield>
    <subfield code="h">230.1 </subfield>
    <subfield code="m">&#x926;&#x940;&#x915;&#x94D;&#x937;&#x93F;&#x924;</subfield>
  </datafield>
  <datafield tag="999" ind1=" " ind2=" ">
    <subfield code="c">197983</subfield>
    <subfield code="d">197983</subfield>
  </datafield>
  <datafield tag="952" ind1=" " ind2=" ">
    <subfield code="0">0</subfield>
    <subfield code="1">0</subfield>
    <subfield code="4">0</subfield>
    <subfield code="7">0</subfield>
    <subfield code="8">NFIC</subfield>
    <subfield code="a">DBAD</subfield>
    <subfield code="b">M</subfield>
    <subfield code="d">2023-09-11</subfield>
    <subfield code="e">DBAD/PUB</subfield>
    <subfield code="g">100.00</subfield>
    <subfield code="l">0</subfield>
    <subfield code="o">230.1  &#x926;&#x940;&#x915;&#x94D;&#x937;&#x93F;&#x924;</subfield>
    <subfield code="p">HN-98230</subfield>
    <subfield code="r">2023-09-11 00:00:00</subfield>
    <subfield code="t">1</subfield>
    <subfield code="v">100.00</subfield>
    <subfield code="w">2023-09-11</subfield>
    <subfield code="y">HN</subfield>
  </datafield>
</record>
